000 00746nam a2200253 a 4500
001 56220
003 BD-RjUL
005 20211209080353.0
008 161127s1944 nyua b 001 0 eng
035 _a(BD-RjUL)56344
040 _aDLC
_cDLC
_dDLC
_dBD-RjUL
_beng
041 _aeng
082 0 0 _a546
_223
_bPRA 1944
100 1 _aPrakash. Satya
_9118175
245 1 0 _aAdvanced inorganic chemistry /
_cSatya Prakash
250 _a15th ed.
260 _aNew Delhi :
_bShyamoli charitable,
_c1944
300 _axvii, 898 p. :
_bill. ;
_c24 cm.
500 _a"A Wiley-Interscience publication."
504 _aIncludes bibliographies and index.
650 0 _aChemistry, Inorganic.
_9117207
942 _2ddc
_cBK
999 _c56220
_d56220